000 04526nab a22008177 4500
003 AR-RoUNA
022 _a0327-9022
040 _aAR-RoUNA
_bspa
041 _aspa
044 _aag
245 _aSumma+ /
_bEspecial casas
260 _aBuenos Aires ,
_c1993
300 _a160 p. :
_bil. byn.
_bplanos
_c34 X25 cm.
505 0 _tINDICE
505 0 _tArgentina - SENCILLEZ, CONTINUIDAD, FLUIDEZ
505 0 _aMatthias Klotz - Edgardo Minond / Casa L, Vicente López, Argentina, 2010. p. 4
505 0 _tChile - CELEBRACIÓN DE LA AMISTAD
505 0 _tBrasil - ATMÓSFERA DE CAMPO
505 0 _aArquitectura Gui Mattos / Cesa JF5N, Estado de San Pablo, 2010. p. 26
505 0 _tArgentina - ECONTRANDO CONTRASTES
505 0 _aA4 Estudio / Casa Codina, Guaymallén, Mendoza, 2009. p. 34
505 0 _tSuiza - MIRADOR PANORÁMICO
505 0 _aBauzeit Architekten / Casa Gauthier - Furletta, Cantón de Berna, 2007. p. 42
505 0 _aEduardo Sacriste / ¿Qué es la casa?. p. 48
505 0 _aAlfonso Corona Martínez / El proyecto, un documentación con valor didáctico. p. 52
505 0 _tMetal Austriaco / INTEGRACIÓN Y RECORRIDO
505 0 _aFranz architekten / Vivienda Unifamiliar Streckhdf Reldaded, Zellerndorf, Austria, 2009. p. 56
505 0 _tMetal norteamericano - ACERO INOLVIDABLE
505 0 _aAGPS arqs. Los Ángeles - Zúrich - Marc Angélil - Sarah Graham - Reto Pfenninger - Manuel Scholl - Hanspeter Dester / Estados Unidos, 2010. p. 63
505 0 _tMetal argentino - LOMA VERDE, CHAPA BLANCA
505 0 _aFPS Oficina de arquitectura - Francisco Fenili - Jorge Pérez - Julio Sepiurka arqs. / Vivienda Loma Verde, Partido de Escobar, Bs As, 2010.. p. 68
505 0 _tMadera chilena - PENSAR SIN ESCALAS
505 0 _aJosé Zegers / Casa de Campo, Santa Inés de Miraflores, Colina, 2005. p. 74
505 0 _tMadera portuguesa - HABITAR LAS DUNAS
505 0 _aParatelier / Guest House, Portogallo, Brasil, 2011. p. 78
505 0 _tMadera española - PIEDRA FUNDACIONAL
505 0 _aH Arq. - David Lorente, Josep Ricart, Xavier Ros, Roger Tudó / Casa 205, Barcelona, España. p. 82
505 0 _tLadrillo argentino - LOCALIDADES NUMERADAS
505 0 _aFilm - Obras de arquitectura / Casa en Pilar, Provincia de Buenos Aires, 2009. p. 86
505 0 _tLadrillo uruguayo - BLANCO RELIEVE
505 0 _aEstudio Babo / Casa ZAG, Carmelo, Uruguay, 2010. p. 91
505 0 _aLadrillo argentina - TRABA COMPUESTA
505 0 _aCekada - Romanos arqs. / Casa Alejandra, Pueblo Esther, Rosario, 2011. p. 94
505 0 _tCASA CURUTCHET
505 0 _aDaniel Merro Johnston / El autor y el intérprete. Le Corbusier y Amancio Williams en la Casa Curuchet. p. 102
505 0 _tSEÑALES LUMINOSAS
505 0 _aCekada - Romanos arqs. / Casa de Palma, Rosario, 2009. p. 115
505 0 _tCLARIDAD CENITAL
505 0 _aEstudio Borracha arqs, Pamela Malvicini arq.asc. / Casa PH, Ciudad autónoma de Buenos Aires, 2009. p. 118
505 0 _tORGANISMO ADAPTABLE
505 0 _aRamiro Gallardo arq. / PH Garrapata, San Cristóbal, Ciudad Autónoma de Buenos Aires, 2010. p. 122
505 0 _tCHAPA, METAL Y MADERA
505 0 _aJW architecture - Urban Culture / Casa M, Boedo, Ciudad Autónoma de Buenos Aires, 2010. p. 126
505 0 _tVERDE CEMENTO
505 0 _aPOP Arq. / Tetris ( Jardín Vertical), Palermo, Ciudad autónoma de Buenos Aires, 2009. p. 130
505 0 _aEspacios Luminosos: exposición de fotografías de Alejandro Leverato sobre la obra de Eladio Dieste. p. 134
505 0 _aJorge Pérez Jaramillo / Ecuentro en Cali: XXXII Congreso Colombiano de Arquitectura. p. 144
505 0 _aSergio Marques / Espejos: reseña del libro arquitectura y crítica en Latinoamérica de Josep María Montaner. p. 148
505 0 _aIgnacio Ros de Olano / México - Tenochtitlan en papel. p. 149
505 0 _aRuth Verde Zein / La memoria del lugar. p. 150
505 0 _aRafael E.J. Iglesia y Sandra Rua / Habitando Homológicamente. p. 152
505 0 _aRoberto Fernández / Imaginación Verde: el caso de Romeyn de Hooghe. p. 155
505 0 _aMario Sabugo / Araca París. p. 158
505 0 _aDiego Schmukler / Los fantasmas de Berlín. p. 160
650 _aArquitectura contemporánea
773 0 _aSumma+
_dBuenos Aires, Argentina
_gNº119 (dic-2011), p. 160
_x0327-9022
908 _aImp
942 _2udc
_cART
945 _aMBP
_d2022-07-08
980 _8138
_gCarolina Rainero
_6138
_aCarolina Rainero
999 _c12251
_d12251